Normal view MARC view
  • UBALE, MR. SUJIT. 2-AHIRE, MR PRIYANKA 3- PATIL, MS. SAVITA. 4-VERMA, MR. RAHUL

Entry Personal Name

Number of records used in: 1

001 - CONTROL NUMBER

  • control field: 8818

003 - CONTROL NUMBER IDENTIFIER

  • control field: JRU

005 - DATE AND TIME OF LATEST TRANSACTION

  • control field: 20251125120332.0

008 - FIXED-LENGTH DATA ELEMENTS

  • fixed length control field: 251125|| aca||aabn | a|a d

040 ## - CATALOGING SOURCE

  • Original cataloging agency: JRU
  • Transcribing agency: JRU

100 ## - HEADING--PERSONAL NAME

  • Personal name: UBALE, MR. SUJIT. 2-AHIRE, MR PRIYANKA 3- PATIL, MS. SAVITA. 4-VERMA, MR. RAHUL

670 ## - SOURCE DATA FOUND

  • Source citation: Work cat.: (JRU)9000: UBALE, MR. SUJIT. 2-AHIRE, MR PRIYANKA 3- PATIL, MS. SAVITA. 4-VERMA, MR. RAHUL, TEXT BOOK OF SOCIAL PHARMACY FOR D. PHARM [1ST YEAR], 2024